El libro en América: (Record no. 51474)

MARC details
000 -LEADER
fixed length control field 01091cam a22002651 4500
001 - CONTROL NUMBER
control field pa 61000050
003 - CONTROL NUMBER IDENTIFIER
control field DLC
005 - DATE AND TIME OF LATEST TRANSACTION
control field 20260227111855.0
008 - FIXED-LENGTH DATA ELEMENTS--GENERAL INFORMATION
fixed length control field 750815s1960 xx 000 0 spa
010 ## - LIBRARY OF CONGRESS CONTROL NUMBER
LC control number pa 61000050
035 ## - SYSTEM CONTROL NUMBER
System control number (OCoLC)1550455
040 ## - CATALOGING SOURCE
Original cataloging agency DLC
Transcribing agency FU
Modifying agency OCoLC
-- DLC
042 ## - AUTHENTICATION CODE
Authentication code premarc
043 ## - GEOGRAPHIC AREA CODE
Geographic area code n------
-- s------
050 00 - LIBRARY OF CONGRESS CALL NUMBER
Classification number Z517
Item number .J418
100 1# - MAIN ENTRY--PERSONAL NAME
Personal name Jennison, Peter S.
245 13 - TITLE STATEMENT
Title El libro en América:
Remainder of title estudio de las principales barreras al comercio del libro en América.
Statement of responsibility, etc. Preparado para el American Book Publishers' Council, a solicitud del Secretario General de la Organización de los Estados Americanos, by Peter S. Jennison y William H. Kurth. Traducido por Violeta Angulo M.
260 ## - PUBLICATION, DISTRIBUTION, ETC.
Place of publication, distribution, etc. Washington,
Name of publisher, distributor, etc. Unión Panamericana,
Date of publication, distribution, etc. 1960.
300 ## - PHYSICAL DESCRIPTION
Extent 172 p.
Dimensions 28cm.
490 1# - SERIES STATEMENT
Series statement Estudios bibliotecarios,
Volume/sequential designation no. 2
650 #0 - SUBJECT ADDED ENTRY--TOPICAL TERM
Topical term or geographic name entry element Book industries and trade
Geographic subdivision America.
700 1# - ADDED ENTRY--PERSONAL NAME
Personal name Kurth, William H.,
Dates associated with a name 1917-1977,
Relator term joint author.
710 2# - ADDED ENTRY--CORPORATE NAME
Corporate name or jurisdiction name as entry element American Book Publishers Council.
810 2# - SERIES ADDED ENTRY--CORPORATE NAME
Corporate name or jurisdiction name as entry element Columbus Memorial Library.
Title of a work Estudios bibliotecarios ;
Volume/sequential designation no. 2.

No items available.

Powered by Koha